Statistics for UN Organizations Acronyms

Click here to take the quiz!

General Stats

  • This quiz has been taken 38 times
  • The average score is 9 of 20

Answer Stats

AcronymOrganization% Correct
WFPWorld {Food} Programme
96%
WHOWorld {Health} Organization
88%
IMFInternational {Monetary} {Fund}
84%
WTOWorld {Trade} Organization
80%
UNDPUnited Nations {Development} Programme
68%
ILOInternational {Labour} Organization
64%
WB{World} {Bank} Group
64%
UNHCROffice of the United Nations
{High} {Commissioner} for {Refugees}
48%
FAO{Food} and {Agriculture} Organization
of the United Nations
44%
UNICEF*United Nations {Children}'{s} {Fund}
36%
IAEAInternational {Atomic} {Energy} Agency
32%
UNEPUnited Nations {Environment} Programme
32%
UNESCOUnited Nations {Educational}, {Scientific}
and {Cultural} Organization
24%
IFADInternational Fund for {Agricultural} {Development}
20%
WMOWorld {Meteorological} Organization
20%
UNWTOWorld {Tourism} Organization
20%
IMOInternational {Maritime} Organization
16%
UNIDOUnited Nations {Industrial}
{Development} Organization
16%
UNFPA*United Nations {Population} Fund
16%
ICAOInternational {Civil} {Aviation} Organization
12%

Score Distribution

Percentile by Number Answered

Percent of People with Each Score

Your Score History

You have not taken this quiz